Statistics for The U.S. Pledge of Allegiance - 45 Second Sprint

Click here to take the quiz!

General Stats

  • This quiz has been taken 21 times
  • The average score is 24 of 31

Answer Stats

Word % Correct
I
100%
Pledge
100%
all
100%
to
86%
and
86%
the
86%
which
86%
Allegiance
86%
Republic
86%
for
86%
of
86%
America
71%
States
71%
United
71%
Flag
71%
stands
71%
one
71%
Nation
71%
under
71%
it
71%
God
57%
justice
57%
indivisible
43%
with
43%
liberty
43%

Score Distribution

Percentile by Number Answered

Percent of People with Each Score

Your Score History

You have not taken this quiz